000 00766nam a2200241 i 4500
001 C2-0288528
003 PPAK
005 20180728021617.0
008 080517s1400 su |||| ||||| | ara d
040 _aPPAK
_beng
_cPPAK
_erda
082 0 4 _a297.272
_223
090 0 0 _a297.272
_bMUH
_dKMN
100 0 _aMuhammad Alwi bin al-Makki al-Husna,
_eauthor
245 1 0 _aAl-Insan al-Kamil Kamal Khalqihi fi Siasah wa tarbiah al-Ummah
_bInsan terpuji sempurna penciptaan dalam politik dan pendidikan Ummat
264 1 _aJeddah :
_bSahr ,
_c1400H
300 _a75 pages ;
_c24 cm
336 _2rdacontent
_atext
337 _2rdamedia
_aunmediated
338 _2rdacarrier
_avolume
500 _aTeks dalam bahasa arab
650 1 0 _aIslam and politics
942 _ddc
_cB
999 _c94135
_d94135